000
00255nam a2200109Ia 4500
008
200302s9999 xx 000 0 und d
100
_a
Francesc Zamora Mola
245
_a
The Sketch Book
260
_b
Loft Publications
260
_c
2010
300
_a
597 P.,
999
_c
3131
_d
3131